| 000 | 00704nam a22002177a 4500 | ||
|---|---|---|---|
| 999 |
_c257288 _d257287 |
||
| 003 | OSt | ||
| 005 | 20230613161144.0 | ||
| 008 | 180918b xxu||||| |||| 00| 0 eng d | ||
| 010 | _a91017378 | ||
| 020 | _a0023805528 | ||
| 040 |
_cDLC _bDLC _dDLC |
||
| 050 |
_aQA 276 _b .M429 1991 |
||
| 100 | _aMendenhall, William. | ||
| 245 |
_aStatistics for engineering and the sciences _cWilliam Mendenhall, Terry Sincich. |
||
| 250 | _a3ed. | ||
| 260 |
_aSan Francisco : Toronto : New York : _bDellen Pub. Co. ;Collier Macmillan Canada ; Maxwell Macmillan International, _c c1992. |
||
| 300 |
_bxix, 963 p. : _a ill. ; _c27 cm. |
||
| 500 | _aIncludes index | ||
| 600 | _aWilliam Mendell | ||
| 942 |
_2lcc _cBK |
||